000
00209 a2200097 4500
001
1393
100
_a
Harris, C.M
245
_a
Machine shop theory and practice
260
_a
_b
Nostrand
_c
090
_c
942
_d
942
942
_a
NUST-CAE
_c
M
_c
36289
999
_c
236466
_d
236466